| 000 | 00963nam0a22002411 4500 | ||
|---|---|---|---|
| 001 | v19\rc\1661090 | ||
| 005 | 20250619010343.0 | ||
| 035 | _a(NLR Aleph) 004770523 | ||
| 090 |
_a4626594 _c4626594 |
||
| 100 | _a20061002d1891 |||y0rusy50 ca | ||
| 101 | 0 | _arus | |
| 102 | _aRU | ||
| 105 | _aa z ||||| | ||
| 200 | 1 |
_aПрибавление к курсу механики младшего класса Михайловского артиллерийского училища _fСост. шт. кап. Брикс |
|
| 210 |
_a[Санкт-Петербург] _cлитогр. Михайловской артиллер. акад. и училища _d1891 |
||
| 215 |
_a[1], 46, 79 с. _cчерт. _d26 |
||
| 309 | _aНаписано от руки. Литогр. | ||
| 700 | 1 |
_aБрикс _bА.А. _f1858- _gАндрей Александрович _4220 |
|
| 801 | 0 |
_aRU _bNLR _gpsbo |
|
| 801 | 1 |
_aRU _bProSoft-M _2rusmarc |
|
| 852 |
_aNLR _j68-7/498 |
||
| 942 | _cBOOK | ||
| 980 | _aNB | ||